| 000 | 00999nam a22002777a 4500 | ||
|---|---|---|---|
| 001 | BR9100736 | ||
| 003 | BR-BrBNA | ||
| 005 | 20230928093516.0 | ||
| 007 | ta | ||
| 008 | 230509b bl.||||| |||| 00| 0 por d | ||
| 040 |
_aBR-BrBNA _bpor _cBiblioteca Nacional de Agricultura |
||
| 041 | _a(Por) | ||
| 072 |
_aF04; F06; N20 _b4540 |
||
| 090 | _ 4540 BR9100736 | ||
| 100 | 1 | _aFeitosa Filho, J.C. | |
| 110 | 1 |
_aUniversidade Federal de Vicosa, MG (Brasil) _0Tese (Magister Scientiae) |
|
| 245 | 1 | _aUniformidade de distribuicao de fertilizantes via agua de irrigacao por microaspersao, com injetores tipo venturi e tanque de derivacao | |
| 260 | 3 |
_aVicosa, MG (Brasil): _c1990. |
|
| 300 | _a77 p. | ||
| 500 | _a7 illus.; 18 tables; 44 ref.; Summary (Por). (*) Documento disponível na(o) Universidade Federal de Vicosa, MG (Brazil) | ||
| 650 | _aIRRIGACAO POR ASPERSAO | ||
| 650 | _aFERTILIZANTE | ||
| 650 | _aEQUIPAMENTO DE IRRIGACAO | ||
| 909 |
_a202309 _bLucia _c55 _dLucia Elande |
||
| 942 | _cBK | ||
| 999 |
_c45398 _d45398 |
||